header

Practices of wonder (Record no. 161935)

MARC details
000 -LEADER
fixed length control field 01092nam a2200277 a 4500
245 00 - TITLE STATEMENT
Title Practices of wonder
260 ## - PUBLICATION, DISTRIBUTION, ETC. (IMPRINT)
Place of publication Cambridge :
Name of publisher James Clarke & Co.,
Year of publication 2013, c2012.
300 ## - PHYSICAL DESCRIPTION
Number of Pages xii, 249 p.
650 #0 - SUBJECT ADDED ENTRY--TOPICAL TERM
Topical Term Wonder (Philosophy)
700 1# - ADDED ENTRY--PERSONAL NAME
Personal name Vasalou, Sophia.
856 40 - ELECTRONIC LOCATION AND ACCESS
Uniform Resource Identifier http://site.ebrary.com/lib/rucke/Doc?id=10670458

No items available.

© 2026 Rongo University
Contact us: librarian | system librarian | Rongo university